<?xml version="1.0" encoding="UTF-8"?>
<record
    xmlns:xsi="http://www.w3.org/2001/XMLSchema-instance"
    xsi:schemaLocation="http://www.loc.gov/MARC21/slim http://www.loc.gov/standards/marcxml/schema/MARC21slim.xsd"
    xmlns="http://www.loc.gov/MARC21/slim">

  <leader>01127nam a2200181Ia 4500</leader>
  <datafield tag="952" ind1=" " ind2=" ">
    <subfield code="0">0</subfield>
    <subfield code="1">0</subfield>
    <subfield code="2">lcc</subfield>
    <subfield code="4">0</subfield>
    <subfield code="7">0</subfield>
    <subfield code="a">03</subfield>
    <subfield code="b">03</subfield>
    <subfield code="d">2001-05-15</subfield>
    <subfield code="l">0</subfield>
    <subfield code="o">HF5695 C84 1993</subfield>
    <subfield code="p">03 001187</subfield>
    <subfield code="r">2012-07-20</subfield>
    <subfield code="t">1</subfield>
    <subfield code="w">2012-07-20</subfield>
    <subfield code="y">LB</subfield>
  </datafield>
  <datafield tag="999" ind1=" " ind2=" ">
    <subfield code="c">79041</subfield>
    <subfield code="d">79041</subfield>
  </datafield>
  <controlfield tag="005">20231102151246.0</controlfield>
  <controlfield tag="008">120720t19671993mx a          000 0 spa d</controlfield>
  <datafield tag="050" ind1=" " ind2=" ">
    <subfield code="a">HF5695</subfield>
    <subfield code="b">C84 1993</subfield>
  </datafield>
  <datafield tag="100" ind1="1" ind2="0">
    <subfield code="a">Cueva G. Benjam&#xED;n de la</subfield>
    <subfield code="e">autor</subfield>
  </datafield>
  <datafield tag="245" ind1="1" ind2="0">
    <subfield code="a">Tablas financieras, actuariales y de logaritmos con tasas de inter&#xE9;s de 1/8 0/0 al 100%</subfield>
    <subfield code="c"> / Benjam&#xED;n de la Cueva G.</subfield>
  </datafield>
  <datafield tag="250" ind1=" " ind2=" ">
    <subfield code="a">18a. edici&#xF3;n</subfield>
  </datafield>
  <datafield tag="260" ind1=" " ind2=" ">
    <subfield code="a">M&#xE9;xico</subfield>
    <subfield code="b"> : Porr&#xFA;a</subfield>
    <subfield code="c">, 1993</subfield>
  </datafield>
  <datafield tag="300" ind1=" " ind2=" ">
    <subfield code="a">115 p&#xE1;ginas</subfield>
    <subfield code="b"> : ilustraciones</subfield>
  </datafield>
  <datafield tag="505" ind1=" " ind2=" ">
    <subfield code="a">Tabla de valores financieros
Tabla de valores
Tabla de valores de i
Tabla de valores de d
Tabla de valores de i
Tabla de mortalidad con valores qx y ex
Tabla mexicana con valores de lx, dx, qx
Tabla de valores conmutados de la tabla mexicana al 3%
Tabla de valores conmutados de la tabla mexicana al 4 1/2%
Tabla de logaritmos de (l+i) y constantes importantes y sus logaritmos, factoriales y sus logaritmos del 1 al 10
Tabla de logaritmos decimales con 6 cifras
Tabla de rendimientos de bonos y obligaciones</subfield>
  </datafield>
  <datafield tag="519" ind1=" " ind2=" ">
    <subfield code="a">Material Complementario / </subfield>
    <subfield code="d">(03 001187)</subfield>
  </datafield>
  <datafield tag="650" ind1="1" ind2="4">
    <subfield code="a">MATEM&#xC1;TICAS FINANCIERAS</subfield>
    <subfield code="v">TABLAS</subfield>
  </datafield>
  <datafield tag="942" ind1=" " ind2=" ">
    <subfield code="c">LB</subfield>
    <subfield code="2">lcc</subfield>
  </datafield>
</record>
